[Event "Campeonato Estadual Absoluto Std RJ 202"]
[Site "TTC Sala de Xadrez Ed Leonard"]
[Date "2025.11.20"]
[Round "2.1"]
[White "Rangel, Daniel"]
[Black "De Miranda, Eduardo Rodrigues C"]
[Result "1-0"]
[WhiteElo "2283"]
[BlackElo "1918"]
[PlyCount "153"]
[EventDate "2025.11.20"]
[EventRounds "6"]
[EventCountry "BRA"]

1. c4 e6 2. d4 d5 3. Nc3 Nf6 4. cxd5 exd5 5. Bf4 c6 6. e3 Bf5 7. Bd3 Bg6 8. Nge2 ({RR} 8. Nf3 Bd6 9. Bxd6 Qxd6 10. O-O Nbd7 11. Rc1 Ne4 12. Bxe4 dxe4 13. Nd2 Nf6 14. Nc4 Qe7 15. Ne5 O-O 16. Qb3 Rfd8 17. Rfd1 Nd5 18. Nxd5 Rxd5 19. Rxc6 Rad8 20. Rcc1 Bh5 21. Re1 g5 22. Rc8 Kg7 {Nigalidze,G (2373)-Henriquez Villagra,C (2630) chess.com INT 2023 1-0 (66)}) 8... Be7 ({RR} 8... Nbd7 9. O-O Be7 10. f3 O-O 11. e4 dxe4 12. fxe4 Nb6 13. Kh1 Qd7 14. e5 Nfd5 15. Bxg6 fxg6 16. Ne4 Qg4 17. h3 Qh4 18. Qb3 g5 19. Bxg5 Bxg5 20. Nd6 g6 21. Nxb7 Be7 22. Qd3 Rxf1+ 23. Rxf1 {Ratkovic,M (2489)-Minko,D (2247) chess.com INT 2025 1-0 (57)}) 9. O-O Nh5 $146 ({RR} 9... Nbd7 10. f3 Nh5 11. e4 Nxf4 12. Nxf4 Qb6 13. Nfe2 dxe4 14. Bxe4 O-O-O 15. Qb3 Bf6 16. Qxb6 Nxb6 17. Rfd1 Rhe8 18. Rac1 Bg5 19. Bxg6 hxg6 20. f4 Bf6 21. Kf2 Kb8 22. Rd3 Re7 23. b3 Red7 24. Rcd1 {Fiedler,R (1692)-Ziems,M (1821) Berlin 2015 0-1 (32)}) ({RR} 9... O-O 10. Rc1 Nbd7 11. f3 Nb6 12. a3 Re8 13. Qd2 Bf8 14. Rfe1 Qd7 15. Bg3 Bxd3 16. Qxd3 Nc4 17. Bf2 Nxb2 18. Qc2 Nc4 19. Ng3 Bxa3 20. Rb1 Bd6 21. Nf1 Na3 22. Qd3 Nxb1 23. Rxb1 b5 24. e4 {Andrason,P (1575)-Johannsdottir,J (1710) Akureyri 2009 0-1}) 10. Rb1 Nd7 11. h3 Nxf4 12. Nxf4 Bxd3 13. Nxd3 O-O 14. b4 a6 15. Nc5 Qc7 16. Nxd7 Qxd7 17. Na4 Rae8 18. Nc5 Qc7 19. g3 Bd6 20. Qf3 f5 21. h4 Rf6 22. Kg2 Qe7 23. a4 Rg6 24. h5 Rg4 25. Rfc1 Qg5 26. Rb3 f4 27. exf4 Rxf4 28. Qd1 Rxd4 29. Qxd4 Qxc1 30. Nxb7 Be5 31. Qc5 Qxc5 32. Nxc5 Ra8 33. Re3 Bd4 34. Re6 a5 35. Nb3 axb4 36. Nxd4 c5 37. Nf5 b3 38. Rb6 c4 39. Ne7+ Kf7 40. Nxd5 Rxa4 41. Kf3 Ra5 42. Nc3 Ra1 43. Ke3 Rc1 44. Kd4 Rc2 45. Kxc4 b2 46. f4 Rg2 47. Ne4 h6 48. Kd4 Ke7 49. Ke5 Re2 50. Kf5 Kd7 51. Nc3 Kc7 52. Rb4 Rg2 53. g4 Kc6 54. Na4 Kd5 55. Rxb2 Rg3 56. Rb7 Ra3 57. Nb2 Ra2 58. Kg6 Kc6 59. Rxg7 Rxb2 60. f5 Rg2 61. Kxh6 Kd6 62. g5 Rf2 63. Kg6 Ke5 64. f6 Ke6 65. Re7+ Kd6 66. Re1 Rc2 67. h6 Rc8 68. h7 Rh8 69. Kg7 Rc8 70. h8=Q Rc7+ 71. f7 Rd7 72. Qb8+ Kc6 73. Rc1+ Kd5 74. Qb5+ Ke4 75. Qxd7 Ke5 76. f8=Q Ke4 77. Re1# 1-0

[Event "Campeonato Estadual Absoluto Std RJ 202"]
[Site "TTC Sala de Xadrez Ed Leonard"]
[Date "2025.11.20"]
[Round "2.2"]
[White "Lopes, Eduardo Moraes"]
[Black "Guimaraes, Wagner Peixoto"]
[Result "1/2-1/2"]
[WhiteElo "1912"]
[BlackElo "2093"]
[PlyCount "95"]
[EventDate "2025.11.20"]
[EventRounds "6"]
[EventCountry "BRA"]

1. e4 {Szabo,Krisztian} c5 2. Nf3 d6 3. d4 cxd4 4. Nxd4 Nf6 5. Nc3 a6 6. g3 e5 7. Nde2 Be7 8. Bg2 O-O 9. O-O b5 ({RR} 9... Be6) ({RR} 9... Nbd7) 10. Nd5 Nxd5 11. Qxd5 Ra7 12. Be3 Be6 13. Qd2 ({RR} 13. Qd3 Rb7 14. b3 Nd7 15. Nc3 Nf6 16. a4 Qd7 ({RR} 16... b4 17. Qxa6) 17. axb5 axb5 18. Ra6 Rc8 19. Rfa1 b4 20. Na4 Qc7 21. Ra2 Nd7 22. Qf1 Rcb8 ({RR} 22... h6 23. f4 Nf6 24. Nb6) 23. Qd1 ({RR} 23. f4 Nf6) 23... h6 24. h4 Bf8 25. Bf3 ({RR} 25. Nb2) 25... Nf6 26. Bg2 ({RR} 26. Nb2) 26... Bd7 27. Nb2 Bc6 {Adams,M (2747)-Nepomniachtchi,I (2751) Moscow 2017 CBM 179 [Szabo,Krisztian] 0-1 (49)} {RR} 28. Qd3 ({RR} 28. f3 d5) 28... Bb5) 13... Rb7 14. Nc3 Nd7 15. a4 $146 ({RR} 15. Nd5 Bxd5 ({RR} 15... Nf6) 16. Qxd5 Qc7 17. Rfd1 Nb6 18. Qd3 Nc4 19. Bc1 Qc5 20. b3 Nb6 21. Be3 Qc6 22. Bh3 Rc7 23. a4 Nd7 24. axb5 axb5 25. Qd5 Nc5 26. Qxc6 Rxc6 27. Ra7 Bd8 28. Bxc5 Rxc5 29. Rxd6 Rxc2 {Tsaruk,M (2230)-Brnusak,T (2032) Bratislava 2019 1-0 (85)}) ({RR} 15. Nd5 Bxd5 16. Qxd5 Qc7 17. c3 Nb6 18. Qd3 Qc4 19. Qc2 Qc6 20. Rfd1) ({RR} 15. Rfd1 Nf6 16. Bg5 Ne8 17. Bxe7 Qxe7 18. a4 b4 19. Nd5 Bxd5 20. Qxd5 Rc7 21. Qa5 Rxc2 22. Qxa6 d5 23. exd5 Qc5 24. Rf1 b3 25. a5 Nd6 26. Qc6 Qb4 27. Ra4 Qb8 28. Qd7 Rxb2 29. a6 Ra2 {Meng,Y (2412)-Agasarov,B (2402) Petrovac MNE 2025 1-0 (40)}) ({RR} 15. Nd5 Bxd5 16. Qxd5 Qc7 17. c3 Nb6 18. Bxb6 Qxb6 19. Rfd1 Rc7 20. h4 Rb8 21. Qb3 Rc4 22. Rd2 Qc7 23. Qd1 Qc8 24. Kh2 Qe6 25. Qe2 Qh6 26. Kg1 Qe6 27. Kh2 Qh6 28. Kg1 Qe6 29. Qe3 Rc5 {Stetsko,L (2188)-Munkhzul,T (2149) Batumi 2018 0-1 (74)}) ({RR} 15. Nd5 Bxd5 16. Qxd5 Rc7 17. c3 Qb8 18. Rad1 Rfc8 19. f4 b4 20. cxb4 Qxb4 21. Qd2 Qa4 22. b3 Qa3 23. Rc1 Rxc1 24. Rxc1 Rxc1+ 25. Qxc1 Qxa2 26. Qc7 Qxb3 27. Kf2 Qa4 28. Bh3 Nf6 29. Qxe7 Qc2+ {Alinasab,M (2347)-Nurmanova,A (2118) Almaty KAZ 2023 1-0 (37)}) 15... Nf6 16. axb5 axb5 17. b4 Qd7 18. Ra5 Rc8 19. Rfa1 Qc6 20. R1a3 h6 21. f4 Ng4 22. Ra6 Qc4 23. f5 Nxe3 24. fxe6 Nxg2 25. exf7+ Qxf7 26. Kxg2 Bg5 27. Qd3 Rf8 28. Qd5 Kh8 29. Qxf7 Rbxf7 30. Ra8 Rf2+ 31. Kh3 Rxa8 32. Rxa8+ Kh7 33. Nxb5 h5 34. Nxd6 Rxc2 35. Nf7 Bf6 36. Ra5 Re2 37. Nxe5 g5 38. g4 Rxe4 39. Ra7+ Kg8 40. Nd7 hxg4+ 41. Kg3 Be7 42. b5 Bd6+ 43. Kf2 Rb4 44. Nf6+ Kf8 45. Nh7+ Ke8 46. Nf6+ Kf8 47. Nh7+ Ke8 48. Nf6+ 1/2-1/2

[Event "Campeonato Estadual Absoluto Std RJ 202"]
[Site "TTC Sala de Xadrez Ed Leonard"]
[Date "2025.11.20"]
[Round "2.3"]
[White "Roland, Marcos Maldonado"]
[Black "Reimberg, Arthur Bernardo"]
[Result "1/2-1/2"]
[WhiteElo "2089"]
[BlackElo "1905"]
[PlyCount "101"]
[EventDate "2025.11.20"]
[EventRounds "6"]
[EventCountry "BRA"]

1. d4 {Ramirez Alvarez,Alejandro} d5 2. c4 e6 3. Nc3 Nf6 4. Bg5 Nbd7 5. e3 c6 6. cxd5 exd5 7. Bd3 Be7 8. Nge2 h6 9. Bf4 ({RR} 9. Bh4 Nh5 10. Bxe7 Qxe7 11. O-O O-O 12. Qd2 Re8 13. Rae1 Nb6 14. Nc1 ({RR} 14. Nf4 Nxf4 15. exf4 Qd6 16. Re5) 14... Qg5 ({RR} 14... Nf6 15. f3 c5 16. Qf2 Bd7 17. dxc5 Qxc5 18. Nb3 Qb4 19. Rc1 Rac8 20. Rfd1 a5 21. e4 a4 22. Qd4 Qxd4+ 23. Nxd4 dxe4 24. Nxe4 Nxe4 25. Bxe4 Rxc1 26. Rxc1 Bc8 27. Kf2 Kf8 28. Rc5 Rd8 29. Ke3) 15. f3 Bf5 16. Bxf5 Qxf5 17. e4 Nc4 18. Qe2 Qg5 19. Qf2 Nf4 20. Kh1 Qd8 21. e5 c5 ({RR} 21... Rc8) 22. b3 cxd4 23. Qxd4 Qg5 {Giri,A (2776)-Fressinet,L (2712) Montpellier 2015 CBM 166 Extra [Ramirez Alvarez,Alejandro] 1-0 (41)}) 9... Nh5 ({RR} 9... O-O 10. h3 Re8 11. O-O Nf8 12. Qc2 Bd6 13. Rad1 Bxf4 14. Nxf4 Ne6 15. Nfe2 Ng5 16. Ng3 Qd6 17. f4 Ne6 18. Nf5 Qd7 19. Qf2 b5 20. Qg3 b4 21. Nxh6+ Kf8 22. Na4 gxh6 23. Qh4 Ne4 24. Qxh6+ {Fang,E (2199)-Vlassis,G (2016) Chess.com INT 2025 1-0}) 10. Bc2 $146 ({RR} 10. Bg3 O-O 11. Qc2 a6 12. O-O Nxg3 13. Nxg3 Bd6 14. Rab1 Nf6 15. b4 Ng4 16. Be2 Qh4 17. Bxg4 Qxg4 18. Qe2 Qg6 19. a4 Bg4 20. f3 Bxg3 21. fxg4 Bh4 22. Rf5 Rfe8 23. e4 dxe4 24. Nxe4 Qe6 {Farmani Anosheh,A (2168)-Wendling,H (2127) Willingen 2008 ½-½}) ({RR} 10. O-O Nxf4 11. Nxf4 O-O 12. f3 Nf6 13. Qd2 c5 14. dxc5 Bxc5 15. Nfxd5 Re8 16. Nxf6+ gxf6 17. Ne4 Bb6 18. Rfe1 f5 19. Nf2 f4 20. exf4 Rxe1+ 21. Rxe1 Bf5 22. Rd1 Bxd3 23. Qxd3 Qf6 24. Rd2 Qxf4 {Chernobay,A (2490)-Yaniuk,V (2227) Chess.com INT 2021 0-1 (33)}) ({RR} 10. Be5 Nhf6 11. Bg3 Nh5 12. Nf4 Nxg3 13. hxg3 Nf6 14. Qc2 Bd6 15. O-O-O O-O 16. Kb1 Re8 17. Rh4 Qe7 18. Rdh1 Bd7 19. Bf5 Bxf5 20. Qxf5 Qd7 21. Rxh6 Qxf5+ 22. e4 gxh6 {0-1 (22) Zwardon,V (2466)-Kraus,T (2463) Prague 2019}) 10... Nxf4 11. Nxf4 Nf6 12. Qd3 Bd6 13. O-O-O Qc7 14. Rde1 Bd7 15. Kb1 O-O-O 16. Qd2 Rde8 17. g3 Bg4 18. Rc1 Kb8 19. Bd1 Bxf4 20. gxf4 Bf5+ 21. Bc2 Bxc2+ 22. Qxc2 Re7 23. Rhg1 g6 24. h4 Qd7 25. Na4 Ne4 26. Nc5 Nxc5 27. Qxc5 Rhe8 28. Qc2 Qh3 29. Rh1 Qf3 30. a4 Rc7 31. b4 Rec8 32. Rh2 b6 33. Ka1 Qe4 34. Qxe4 dxe4 35. h5 Rh8 36. Rch1 g5 37. fxg5 hxg5 38. h6 Rh7 39. Rg2 f6 40. Rg4 Rce7 41. Kb2 Kc7 42. Kc3 Kd6 43. Kc4 a6 44. b5 cxb5+ 45. axb5 Rc7+ 46. Kb3 Kd5 47. bxa6 Ra7 48. Rg3 Rxa6 49. f4 exf3 50. Rxf3 b5 51. Kb4 1/2-1/2

[Event "Campeonato Estadual Absoluto Std RJ 202"]
[Site "TTC Sala de Xadrez Ed Leonard"]
[Date "2025.11.20"]
[Round "2.4"]
[White "Zacarias, Rodrigo Medeiros"]
[Black "Mesquita, Arnaldo Leite"]
[Result "0-1"]
[WhiteElo "2041"]
[BlackElo "1756"]
[PlyCount "56"]
[EventDate "2025.11.20"]
[EventRounds "6"]
[EventCountry "BRA"]

1. e4 d6 2. d4 g6 3. c4 c5 4. d5 Bg7 5. Nc3 Nd7 6. Nf3 Ne5 ({RR} 6... a6 7. a4 Ngf6 8. Bd3 e5 9. h3 Nh5 10. g3 O-O 11. Nh4 Nf4 12. gxf4 Qxh4 13. f5 Nf6 14. Qf3 gxf5 15. Bd2 fxe4 16. Nxe4 Nxe4 17. Bxe4 f5 18. Bc2 Qxc4 19. O-O-O f4 20. Kb1 Bf5 21. Bxf5 {Wagner,D (2614)-Nakamura,H (2788) chess.com INT 2024 0-1 (35)}) 7. h3 $146 ({RR} 7. Nxe5 Bxe5 8. Bd3 h5 9. Bd2 Nf6 10. Qc2 Nd7 11. f4 Bg7 12. O-O Nf8 13. Rae1 e5 14. dxe6 Nxe6 15. Nd5 Nd4 16. Qd1 O-O 17. f5 Be5 18. Bf4 Nc6 19. Bxe5 Nxe5 20. f6 Be6 21. Qc1 Kh7 {Gruenfeld,E-Koltanowski,G Merano 1924 1-0 (31)}) ({RR} 7. Nxe5 Bxe5 8. Qc2 f5 9. Bd3 fxe4 10. Bxe4 Nf6 11. Bd3 Rf8 12. h3 Bd7 13. Be3 Qa5 14. Bd2 Qc7 15. Ne2 Ng8 16. Bc3 Bf6 17. Bxf6 Rxf6 18. O-O O-O-O 19. Ng3 Rdf8 20. Ne4 R6f7 21. Ng5 Rg7 {Litvin,V-Shah,D (1456) London 2005 0-1 (75)}) ({RR} 7. Nxe5 Bxe5 8. Qc2 Bd7 9. Bd3 Nf6 10. Ne2 Qa5+ 11. Bd2 Qa4 12. b3 Qa6 13. Rb1 Nh5 14. O-O O-O 15. a4 e6 16. g4 Ng7 17. f4 Bd4+ 18. Nxd4 cxd4 19. c5 b5 20. c6 Bc8 21. f5 exd5 {Remiro Juste,F (2281)-Alava Ruiz,J (1816) Zaragoza 2011 1-0}) 7... Nxf3+ 8. Qxf3 Nf6 9. g4 O-O 10. Bg2 Nd7 11. O-O Ne5 12. Qe2 f5 13. f4 fxg4 14. fxe5 gxh3 15. Rxf8+ Qxf8 16. Bf3 Bxe5 17. Be3 g5 18. Bg4 Bd4 19. Bxd4 cxd4 20. Rf1 Qg7 21. Nb5 d3 22. Qf3 a6 23. Nc7 Bxg4 24. Qxg4 Rf8 25. Rxf8+ Qxf8 26. Ne6 h2+ 27. Kxh2 Qf2+ 28. Kh3 Qh4+ 0-1

[Event "Campeonato Estadual Absoluto Std RJ 202"]
[Site "TTC Sala de Xadrez Ed Leonard"]
[Date "2025.11.20"]
[Round "2.5"]
[White "Morais, Wagner Soares De"]
[Black "Frolov, Ivan"]
[Result "1/2-1/2"]
[WhiteElo "1884"]
[BlackElo "2029"]
[PlyCount "60"]
[EventDate "2025.11.20"]
[EventRounds "6"]
[EventCountry "BRA"]

1. c4 e5 2. d3 Nf6 3. a3 c6 ({RR} 3... Nc6 4. b4 d5 5. cxd5 Nxd5 6. Nf3 Bd6 7. e4 Nde7 8. Bb2 a6 9. Nbd2 O-O 10. Nc4 Ng6 11. g3 b5 12. Ne3 a5 13. bxa5 Nxa5 14. Bg2 c5 15. h4 Re8 16. h5 Nf8 17. h6 g6 18. O-O {Nakamura,H (2768)-Vidit,S (2730) Kolkata IND 2022 1-0 (45)}) 4. Nf3 Bd6 5. b4 $146 ({RR} 5. Nc3 O-O 6. Bg5 Re8 7. Ne4 Be7 8. Bxf6 Bxf6 9. c5 b6 10. b4 a5 11. g3 Na6 12. Bg2 axb4 13. axb4 Rb8 14. Qd2 bxc5 15. bxc5 Rb5 16. Rc1 Be7 17. d4 exd4 18. Nxd4 Nxc5 19. Nxb5 Nb3 {Gabuzyan,H (2585)-Ter Sahakyan,S (2617) Yerevan 2020 ½-½ (43)}) ({RR} 5. Nc3 Bc7 6. Bg5 h6 7. Bh4 d6 8. h3 Bf5 9. e3 Nbd7 10. Be2 Qe7 11. Rc1 Rc8 12. b4 O-O 13. g4 Bg6 14. Rg1 Qe8 15. Bg3 d5 16. cxd5 cxd5 17. h4 e4 18. dxe4 Bxg3 19. Rxg3 Rxc3 {Bauer,C (2556)-Godena,M (2430) Switzerland SUI 2025 ½-½}) ({RR} 5. g3 O-O 6. Bg2 Bc7 7. Nc3 d6 8. O-O Re8 9. b3 Nbd7 10. Bb2 d5 11. cxd5 cxd5 12. Nd2 Nf8 13. Rc1 Bb8 14. b4 h5 15. e4 Bg4 16. Qb3 d4 17. Nd5 h4 18. Rfe1 N8h7 19. Nf3 hxg3 {Cruz Estrada,F (2311)-Buscara,S (2411) Barcelona 2021 1-0 (53)}) ({RR} 5. Nc3 O-O 6. g3 Re8 7. Bg2 h6 8. O-O a5 9. b3 Na6 10. Bb2 Bf8 11. e4 d6 12. Qc2 Bg4 13. h3 Bxf3 14. Bxf3 Nc5 15. Ne2 Qb6 16. Nc1 Rac8 17. d4 Ne6 18. c5 Qc7 19. dxe5 dxe5 {Ingebretsen,J (2407)-Zhigalko,S (2572) chess.com INT 2024 0-1 (42)}) 5... O-O 6. c5 Bc7 7. Bb2 Re8 8. Nbd2 d5 9. cxd6 Bxd6 10. Nc4 Qc7 11. Nxd6 Qxd6 12. g3 Bf5 13. Bg2 Nbd7 14. O-O Rad8 15. Nh4 Bg4 16. h3 Bh5 17. g4 Bg6 18. Nxg6 hxg6 19. Qc2 Nd5 20. e3 N7f6 21. d4 e4 22. Qc5 a6 23. Qxd6 Rxd6 24. Rfc1 Nd7 25. Rc2 N7b6 26. Bc1 g5 27. Bd2 Na4 28. Bf1 b5 29. Rac1 Ree6 30. Be2 Re8 1/2-1/2

[Event "Campeonato Estadual Absoluto Std RJ 202"]
[Site "TTC Sala de Xadrez Ed Leonard"]
[Date "2025.11.20"]
[Round "2.7"]
[White "Baptista, Andre Kemper"]
[Black "Manzi, Luiz Antonio Bardar"]
[Result "0-1"]
[WhiteElo "1925"]
[BlackElo "2058"]
[PlyCount "74"]
[EventDate "2025.11.20"]
[EventRounds "6"]
[EventCountry "BRA"]

1. e4 Nf6 2. e5 Nd5 3. d4 d6 4. c4 Nb6 5. f4 dxe5 6. fxe5 Bf5 7. Nf3 e6 8. Bd3 Bxd3 ({RR} 8... Bg4 9. Be3 c5 10. dxc5 N6d7 11. O-O Bxc5 12. Bxc5 Nxc5 13. Be2 Qxd1 14. Rxd1 Nc6 15. Nc3 Bxf3 16. gxf3 Nxe5 17. b4 Na6 18. a3 Ke7 19. f4 Ng6 20. Bf3 Rab8 21. Rd4 Rhd8 22. Rxd8 Kxd8 23. Rd1+ {Kollars,D (2611)-Bortnyk,O (2604) chess.com INT 2022 ½-½ (51)}) ({RR} 8... Bg4 9. Be3 c5 10. dxc5 Bxf3 11. gxf3 N6d7 12. Nc3 Bxc5 13. Qe2 Qh4+ 14. Kf1 Nc6 15. Bxc5 Nxc5 16. Rd1 O-O-O 17. Nb5 Qf4 18. Kg2 Nxe5 19. Be4 f5 20. Bc2 Nxc4 21. Rhe1 Rxd1 22. Bxd1 Rd8 23. Qf2 {Beerdsen,T (2510)-Bortnyk,O (2608) chess.com INT 2024 0-1}) 9. Qxd3 Be7 10. Nc3 Nc6 $146 ({RR} 10... O-O 11. O-O Nc6 12. Be3 a5 13. a3 a4 14. d5 exd5 15. cxd5 Nc8 16. Qe4 Nb8 17. Rad1 Re8 18. Nd4 Bc5 19. Qf5 Qe7 20. Ne4 Qxe5 21. Qxf7+ Kh8 22. Nxc5 Qxe3+ 23. Kh1 Qe7 24. Nce6 Na6 25. Nxg7 {Hess,M (1665)-Frank,T (1768) Birkenfeld 2013 1-0 (42)}) ({RR} 10... c6 11. O-O h6 12. Bf4 N8d7 13. Rad1 g5 14. Be3 Qc7 15. a4 a5 16. b3 O-O-O 17. Nd2 f5 18. exf6 Nxf6 19. Qe2 Rhf8 20. Nf3 Nbd7 21. Bf2 Bb4 22. Rc1 Rde8 23. Bg3 Bd6 24. Nb5 {1-0 (24) Prelati,M (1976)-Kern,B (1624) Arco 2012}) 11. O-O Qd7 12. Be3 O-O-O 13. a3 f5 14. d5 h6 15. Bxb6 axb6 16. b4 g5 17. Rfe1 g4 18. Nd4 Kb8 19. Qd1 Nxd4 20. Qxd4 c5 21. Qf4 cxb4 22. dxe6 Bc5+ 23. Kh1 Qd4 24. Ne2 Qxf4 25. Nxf4 bxa3 26. Nd5 Rhe8 27. Rf1 Rxe6 28. Rxf5 Rde8 29. Nf6 R8e7 30. Nxg4 Rd7 31. Rh5 Rd2 32. h4 a2 33. Nh2 Rb2 34. Rf5 Bf2 35. Nf1 Rb1 36. Rxa2 Rxf1+ 37. Kh2 Bc5 0-1

[Event "Campeonato Estadual Absoluto Std RJ 202"]
[Site "TTC Sala de Xadrez Ed Leonard"]
[Date "2025.11.20"]
[Round "2.8"]
[White "Pereira, Pedro Nunes"]
[Black "Pedro, Arthur Ventura Tome"]
[Result "1-0"]
[WhiteElo "1825"]
[BlackElo "1615"]
[PlyCount "119"]
[EventDate "2025.11.20"]
[EventRounds "6"]
[EventCountry "BRA"]

1. d4 Nf6 2. Nf3 g6 3. Bf4 Bg7 4. e3 d6 5. Bc4 O-O 6. h3 Nbd7 7. O-O c5 8. c3 cxd4 ({RR} 8... Nb6 9. Bb3 c4 10. Bc2 Bf5 11. Nbd2 Bxc2 12. Qxc2 Nfd7 13. Rad1 e5 14. Bg3 Qe7 15. e4 f5 16. exf5 gxf5 17. dxe5 dxe5 18. Rfe1 e4 19. Nf1 Qf7 20. Nd4 Nc5 21. Bd6 Nd3 22. Bxf8 Rxf8 23. Re3 {Koteski,D (2277)-Danchevski,O (2384) Struga 2011 ½-½ (65)}) ({RR} 8... Nb6 9. Be2 Bf5 10. Nbd2 Rc8 11. a4 cxd4 12. exd4 Ne4 13. a5 Nxd2 14. Nxd2 Nd5 15. Bg3 e5 16. Bf3 Be6 17. c4 Nb4 18. Bxb7 Rb8 19. d5 Bxh3 20. a6 Bf5 21. Qa4 Nc2 22. Rac1 Nd4 23. Rfe1 {Parondo,R (2193)-Kilic,E (2438) chess.com INT 2024 0-1 (39)}) 9. cxd4 a6 10. Nc3 b5 11. Bb3 $146 ({RR} 11. Bd3 Bb7 12. Re1 Qa5 13. a3 Rac8 14. b4 Qd8 15. Rc1 Nb6 16. Ng5 Nh5 17. Bh2 e5 18. Nge4 f5 19. Ng3 Nxg3 20. Bxg3 exd4 21. Nxb5 axb5 22. Rxc8 Nxc8 23. Bxb5 dxe3 24. Qb3+ Kh8 25. Rxe3 Qb6 {Johansen,P (1205)-Linderod,L (1961) Helsingor 2019 0-1 (34)}) 11... Bb7 12. a3 Nh5 13. Bh2 e5 14. dxe5 Nxe5 15. Nxe5 Bxe5 16. Bxe5 dxe5 17. Qxd8 Raxd8 18. Rfd1 Nf6 19. f3 Rfe8 20. e4 Kg7 21. Kf2 Nh5 22. g3 f5 23. Bd5 Bxd5 24. Nxd5 fxe4 25. Nc7 Re7 26. Rxd8 Rxc7 27. Rad1 Rc2+ 28. R1d2 Rxd2+ 29. Rxd2 Nf6 30. Rd6 exf3 31. Kxf3 a5 32. Rb6 e4+ 33. Ke2 b4 34. axb4 axb4 35. Rxb4 Nh5 36. Kf2 Nf6 37. Rb7+ Kh6 38. Ke3 Ne8 39. Rb6 Ng7 40. Kxe4 Nf5 41. Kf3 Nd4+ 42. Kg2 Kg5 43. Rd6 Nf5 44. Rd5 Kf6 45. Rxf5+ Kxf5 46. Kf3 Ke5 47. Ke3 Kd5 48. Kd3 Kc5 49. Kc3 Kb5 50. b4 Kb6 51. Kc4 Kc6 52. b5+ Kb6 53. g4 h6 54. h4 h5 55. g5 Kb7 56. Kd5 Kb6 57. Ke6 Kxb5 58. Kf6 Kc6 59. Kxg6 Kd6 60. Kf6 1-0

[Event "Campeonato Estadual Absoluto Std RJ 202"]
[Site "TTC Sala de Xadrez Ed Leonard"]
[Date "2025.11.20"]
[Round "2.9"]
[White "Santos Filho, Tadeu Sousa"]
[Black "Laborao, Samuel Eduardo Ferr"]
[Result "1-0"]
[WhiteElo "2016"]
[BlackElo "1506"]
[PlyCount "83"]
[EventDate "2025.11.20"]
[EventRounds "6"]
[EventCountry "BRA"]

1. e4 e5 2. Nf3 Nc6 3. Nc3 Nf6 4. a3 Bc5 5. Nxe5 Nxe5 6. d4 Nc6 ({RR} 6... Bd6 7. f4 Nc6 8. e5 Be7 9. d5 Nxd5 10. Nxd5 d6 11. exd6 Bxd6 12. Be3 O-O 13. Qd2 Re8 14. O-O-O Be6 15. Bc4 Rb8 16. Rhe1 b5 17. Bb3 b4 18. f5 Bxf5 19. Bg5 Qd7 20. Rxe8+ Qxe8 21. Re1 {Christiansen,J (2642)-Nepomniachtchi,I (2757) chess.com INT 2025 0-1 (52)}) 7. dxc5 Qe7 8. Bd3 O-O $146 ({RR} 8... Qxc5 9. Be3 Qe7 10. Qe2 d6 11. f3 Ne5 12. Qd2 Nxd3+ 13. Qxd3 Be6 14. O-O-O O-O 15. Bg5 h6 16. Nd5 Bxd5 17. Bxf6 Qxf6 18. Qxd5 Rfd8 19. Qd4 Qg5+ 20. Qd2 Qe5 21. Qd5 Qe7 22. Rhe1 c6 23. Qd4 {Zadlo,A (1785)-Zanin,D (2000) Rewal 2008 ½-½ (48)}) 9. Be3 Ne5 10. Nd5 Nxd5 11. exd5 Nxd3+ 12. Qxd3 d6 13. O-O-O dxc5 14. d6 cxd6 15. Qxd6 Qxd6 16. Rxd6 b6 17. h4 f6 18. a4 h5 19. a5 Rb8 20. Rhd1 Bf5 21. Bf4 Rb7 22. b3 Re8 23. Be3 Kf7 24. R1d2 Re6 25. Rd8 bxa5 26. Bxc5 Rc6 27. R2d5 Be6 28. Rf8+ Kg6 29. Rd6 Rxc5 30. Rxe6 Rxb3 31. Rd8 Rbc3 32. Rd2 Kf5 33. Re7 Rc7 34. Rd5+ Kg6 35. Rxc7 Rxc7 36. Kd2 a4 37. Kd3 a3 38. Ra5 Kf7 39. Rxh5 a6 40. Ra5 Ra7 41. c4 Ke6 42. Kc3 1-0

[Event "Campeonato Estadual Absoluto Std RJ 202"]
[Site "TTC Sala de Xadrez Ed Leonard"]
[Date "2025.11.20"]
[Round "2.10"]
[White "Mattos, Bernardo Cunha"]
[Black "Celani, Guilherme Fontes"]
[Result "1-0"]
[WhiteElo "1779"]
[BlackElo "1884"]
[PlyCount "221"]
[EventDate "2025.11.20"]
[EventRounds "6"]
[EventCountry "BRA"]

1. c4 c6 2. Nf3 d5 3. e3 Nf6 4. Nc3 Qb6 5. Qb3 $146 ({RR} 5. Qc2 Nbd7 6. d4 e6 7. Bd2 g6 8. Bd3 Bg7 9. O-O O-O 10. Rab1 Re8 11. cxd5 exd5 12. b4 a6 13. a4 Qd8 14. Rfe1 Bf8 15. Qb3 Nb6 16. h3 Be6 17. Ng5 Qd7 18. Nxe6 Qxe6 19. b5 axb5 {Munizaba,S (2335)-Gavric,Z (2104) Kac 2014 1-0 (86)}) ({RR} 5. h3 Bf5 6. g4 Be4 7. g5 Nfd7 8. d4 Bxf3 9. Qxf3 e6 10. h4 Bb4 11. Bd2 Qa5 12. Bd3 Nb6 13. cxd5 Nxd5 14. Rc1 Nxc3 15. bxc3 Be7 16. Ke2 Nd7 17. Rb1 Qc7 18. Qg3 Bd6 19. f4 f5 {Iturrizaga Bonelli,E (2652)-Nakamura,H (2785) Chess.com INT 2017 ½-½ (77)}) ({RR} 5. Qc2 Bg4 6. Ne5 Be6 7. d4 g6 8. c5 Qc7 9. b4 Nbd7 10. f4 Bf5 11. Bd3 Bxd3 12. Qxd3 a6 13. O-O Bg7 14. Bd2 O-O 15. a4 Nxe5 16. fxe5 Nd7 17. e4 dxe4 18. Qc4 b5 19. Qe2 f5 {Bratovic,B (2342)-Pitschka,C (2093) Pardubice CZE 2024 1-0}) ({RR} 5. Qc2 Bg4 6. Ne5 Be6 7. cxd5 Nxd5 8. d4 Nd7 9. Nc4 Qc7 10. e4 Nxc3 11. bxc3 Bxc4 12. Bxc4 e6 13. O-O Be7 14. Rb1 O-O 15. Qe2 c5 16. d5 exd5 17. Bxd5 Nb6 18. c4 Bf6 19. Be3 Rfe8 {Prusikin,M (2560)-Jelling,E (2393) Fuegen 2006 1-0 (50)}) ({RR} 5. Qc2 Nbd7 6. cxd5 cxd5 7. Nb5 Nc5 8. d4 Na6 9. Ne5 e6 10. Bd2 Be7 11. Qa4 O-O 12. a3 Qd8 13. Ba5 Qe8 14. Qb3 Ne4 15. Bd3 f6 16. Nf3 Bd7 17. O-O Nac5 18. dxc5 Nxc5 19. Bxh7+ Kxh7 {Napolitano,M-Christoffel,M Baveno 1958 ½-½ (59)}) 5... Qxb3 6. axb3 Bf5 7. cxd5 Nxd5 8. Nd4 Nb4 9. e4 e5 10. Na2 Bxe4 11. Nxb4 Bxb4 12. Nf3 Bxf3 13. gxf3 Nd7 14. Bd3 Nc5 15. Bc2 Rd8 16. Rxa7 O-O 17. Ke2 Rd7 18. d3 f5 19. Be3 Ne6 20. Rc1 f4 21. Bb6 c5 22. Bd1 Nd4+ 23. Kf1 Rf6 24. Ba5 Nc6 25. Ra8+ Kf7 26. Bxb4 Nxb4 27. Be2 b6 28. Rc3 Rfd6 29. Rb8 Ra7 30. Rc1 Ra2 31. Rb1 Nc2 32. Rb7+ Kf6 33. Kg2 Nb4 34. h4 h5 35. Rb8 Ke6 36. Rb7 g6 37. Bf1 Kd5 38. Re7 Nc6 39. Re8 b5 40. Be2 Nd4 41. Bd1 b4 42. Rc8 Nf5 43. Kh3 Ne7 44. Re8 Nf5 45. Rc8 Rda6 46. Rd8+ Ke6 47. Rc8 Ra1 48. Rc6+ Kd5 49. Rxa6 Rxa6 50. Be2 Nd4 51. Bd1 Ra2 52. Kg2 Nf5 53. Kh3 Ra7 54. Be2 Nd4 55. Bd1 Ke6 56. Rc1 Ra2 57. Rb1 Kf5 58. Kg2 g5 59. hxg5 Kxg5 60. Kh3 Ra7 61. Rc1 Ne6 62. Be2 h4 63. Kh2 Kh5 64. Kh3 Ng5+ 65. Kh2 Ra5 66. Re1 Ra2 67. Rb1 h3 68. Kh1 Kh4 69. Kh2 Ne6 70. Bd1 Ra7 71. Be2 Rg7 72. Rg1 Ng5 73. Rg4+ Kh5 74. Rg1 Ra7 75. Rc1 Ra2 76. Rb1 Kg6 77. Kh1 Kf5 78. Kh2 Ke6 79. Kh1 Kd5 80. Kh2 Kd4 81. Kh1 Ra7 82. Rg1 Ne6 83. Kh2 Rh7 84. Rg6 Kd5 85. Rg1 Nc7 86. Bf1 Nb5 87. Bxh3 Nd4 88. Kg2 Rg7+ 89. Bg4 Nxb3 90. Rd1 Ra7 91. Bh5 Kd4 92. Re1 Nd2 93. Rd1 Rg7+ 94. Kh3 Kxd3 95. Re1 Re7 96. Bg6+ Kc4 97. Rc1+ Kb3 98. Rxc5 Nxf3 99. Rc2 Nd4 100. Rd2 Nf3 101. Rd3+ Kxb2 102. Rxf3 Rg7 103. Be4 Ra7 104. Kg4 Ra5 105. Bg6 b3 106. Bf7 Rb5 107. Kf5 Kc2 108. Rxb3 Rxb3 109. Bxb3+ Kd3 110. Bd5 Kd4 111. Be4 1-0